00459nim a2200121 a 450000100080000000500110000800800410001924501220006026001050018230000140028750000240030165000120032516314172010-02-04 2009 bl uuuu u0uu1 u #d aMAIOR produtividade com uso de sementes próprias da região - programa 21.h[electronic resource]h[sound recording] aIn: NORDESTE/Vale do Jequitinhonha: junho/2009. Programa Prosa Rural. [Brasília, DF]: Embrapac2009 c1 CD-ROM. aPrograma de rádio. aSemente